000 00483nam a2200157 4500
001 108370
003 ES-MaACL
005 20230906184630.0
007 t|
008 061121s1971 sp r ||||1| spa d
100 1 _aMontero de Burgos, José Luis.
_982512
245 1 0 _aPropiedad, capital, trabajo /
_cJosé Luis Montero de Burgos.
260 _aMadrid :
_b[s.n.],
_c1971 (
_fRamos, Art. Gráf.)
300 _a229 p. con 11 gráf. ;
_c24 cm.
852 _aES-MaACL
_jC-44131
_bR.79616
999 _c108370
_d108370